000 00282nam a2200121Ia 4500
008 191201s2011 xx 000 0 und d
100 _aSINGH,Yogendra
245 0 _aHuman Values And Professional Ethics
260 _bAITBS
_c2011
300 _a222
650 _aMBA
942 _2ddc
_cBK
999 _c7006
_d7006